Measuring Digital Maturity with Organizational Patterns

Saved in:
Bibliographic Details
Main Author: Andrášik, Richard (Author)
Other Authors: Momand, Mohammad Yusuf (Thesis advisor)
Format: Manuscript Book
Language:Slovak
Published: 2025
Subjects:
Online Access:http://is.stuba.sk/zp/portal_zp.pl?podrobnosti=177038
Tags: Add Tag
No Tags, Be the first to tag this record!

MARC

LEADER 00000ntm a22000003a 4500
001 stuzp105752
003 SK-STU
005 20250607211454.9
007 ta
008 150427s2015----xo-----f-mn---000-0-slo-d
040 |a STU  |b slo 
041 0 |a slo 
100 1 |a Andrášik, Richard  |u 070200  |4 aut  |U FIIT Fakulta informatiky a informačných technológií  |T FIIT Ústav informatiky, informačných systémov a softvérového inžinierstva  |X 102847  |U I200  |Y 179  |7 102847 
242 0 1 |a Measuring Digital Maturity with Organizational Patterns  |y eng 
245 1 0 |a Measuring Digital Maturity with Organizational Patterns 
260 |c 2025 
650 4 |a Pattern language  |2 eng 
650 4 |a Digital transformation  |2 eng 
650 4 |a Organisational patterns  |2 eng 
650 4 |a Digital maturity  |2 eng 
650 4 |a Jazyk vzorov  |2 slo 
650 4 |a Digitálna transformácia  |2 slo 
650 4 |a Organizčné vzory  |2 slo 
650 4 |a Digitálna zrelosť  |2 slo 
700 1 |a Momand, Mohammad Yusuf  |u 070200  |k Z3  |4 ths  |U FIIT Fakulta informatiky a informačných technológií  |T FIIT Ústav informatiky, informačných systémov a softvérového inžinierstva  |X 118059  |U I200  |Y 179  |7 118059 
856 4 |u http://is.stuba.sk/zp/portal_zp.pl?podrobnosti=177038